| 000 | 00561nam a2200241 a 4500 | ||
|---|---|---|---|
| 001 | nice12345678 | ||
| 003 | IN_TiNIC | ||
| 005 | 20260116011820.0 | ||
| 008 | 050524s1887 kana grp 000 0 urd | ||
| 020 |
_a _c100 |
||
| 082 | 0 | 0 |
_a297.4 _bABD2 |
| 100 | _aAbdus Samad, Hakim | ||
| 245 | _aRafa-Ul-Ishtabah | ||
| 260 |
_aKanpur _bNawal Kishore Press _c1887 |
||
| 300 | _a233p | ||
| 500 | _aincludes index and biblioraphy | ||
| 505 | 2 | _aIndex | |
| 650 | _aSufism | ||
| 700 | 1 | _aAbdus Samad, Hakim | |
| 902 | _bRBA | ||
| 942 | _cBK | ||
| 999 |
_c4166 _d4166 |
||